[Event "BL 0910 Hamburger SK - Schachfr. Berlin"]
[Site "?"]
[Date "2009.10.17"]
[Round "1.4"]
[White "Hansen, Sune Berg"]
[Black "Schneider, Ilja"]
[Result "1-0"]
[WhiteElo "2552"]
[BlackElo "2500"]
[PlyCount "71"]
[EventDate "2009.??.??"]

1. e4 e5 2. Nf3 Nc6 3. Bc4 Nf6 4. d3 Be7 5. Bb3 O-O 6. O-O d6 7. c3 Na5 8. Bc2
c5 9. Nbd2 Re8 10. a3 Bf8 11. b4 Nc6 12. Re1 h6 13. Bb2 a6 14. d4 exd4 15. cxd4
cxb4 16. d5 Ne5 17. axb4 Bg4 18. h3 Nxf3+ 19. Nxf3 Bxf3 20. Qxf3 Rc8 21. Ba4
Nd7 22. b5 a5 23. b6 Rc4 24. Bc3 Re7 25. Bxd7 Qxd7 26. Rxa5 Qc8 27. Bd2 Rd4 28.
Be3 Rdxe4 29. Rc1 Qd8 30. Ra3 R4e5 31. Rac3 Qa8 32. Rc8 Qa3 33. R1c7 Qa5 34.
Kh2 f6 35. Bd4 Re4 36. Bxf6 1-0

[Event "BL 0910 Hamburger SK - Schachfr. Berlin"]
[Site "?"]
[Date "2009.10.17"]
[Round "1.5"]
[White "Berndt, Stephan"]
[Black "Ftacnik, Lubomir Dr"]
[Result "1/2-1/2"]
[WhiteElo "2442"]
[BlackElo "2532"]
[PlyCount "118"]
[EventDate "2009.??.??"]

1. e4 c5 2. Nf3 d6 3. d4 cxd4 4. Nxd4 Nf6 5. Nc3 a6 6. Bc4 e6 7. Bb3 Nbd7 8.
Qe2 Nc5 9. Bg5 Be7 10. f4 h6 11. Bxf6 Bxf6 12. O-O-O Qc7 13. Kb1 Bd7 14. Rhe1
O-O-O 15. e5 dxe5 16. fxe5 Be7 17. Bd5 Kb8 18. Bf3 Rc8 19. Qf2 g6 20. Bg4 Rhf8
21. g3 Be8 22. Bh3 Nd7 23. Qf4 Nb6 24. Bf1 Bb4 25. Nxe6 fxe6 26. Qxb4 Rf2 27.
Qd6 Rxh2 28. Re2 Rh1 29. Red2 Bc6 30. Qxe6 Re8 31. Qxg6 Rxe5 32. Qf6 Rg5 33.
Rd8+ Ka7 34. a4 Qe5 35. Qxe5 Rxe5 36. Be2 Nxa4 37. Nxa4 Rxe2 38. Nc3 Rxd1+ 39.
Rxd1 Rg2 40. Rd3 Be8 41. Re3 Rg1+ 42. Ka2 Bg6 43. Kb3 Bf7+ 44. Kb4 Rc1 45. Re2
Bg6 46. Kb3 h5 47. Rf2 Kb8 48. Rf8+ Ka7 49. Rf2 Bh7 50. Re2 Rf1 51. Re3 Rf5 52.
Na4 Rf2 53. Rc3 a5 54. Rc5 Ka6 55. c4 b6 56. Rxh5 Bc2+ 57. Ka3 Bxa4 58. Kxa4
Rxb2 59. Ka3 Rb4 1/2-1/2

[Event "BL 0910 Hamburger SK - Schachfr. Berlin"]
[Site "?"]
[Date "2009.10.17"]
[Round "1.6"]
[White "Mueller, Karsten Dr"]
[Black "Agopov, Mikail"]
[Result "1-0"]
[WhiteElo "2523"]
[BlackElo "2452"]
[PlyCount "111"]
[EventDate "2009.??.??"]

1. e4 c5 2. Nf3 Nc6 3. d4 cxd4 4. Nxd4 Nf6 5. Nc3 e5 6. Ndb5 d6 7. Bg5 a6 8.
Na3 b5 9. Nd5 Be7 10. Bxf6 Bxf6 11. c4 b4 12. Nc2 a5 13. g3 O-O 14. Bg2 Be6 15.
O-O g6 16. Nxf6+ Qxf6 17. Qxd6 Rac8 18. Ne3 Kg7 19. Qd3 Nd4 20. f4 Qd8 21. Rad1
f6 22. Kh1 a4 23. Nd5 Qa5 24. Qd2 Bxd5 25. exd5 Rxc4 26. fxe5 fxe5 27. Rxf8
Kxf8 28. Rf1+ Ke8 29. Qh6 Qc5 30. Qxh7 Rc1 31. Qxg6+ Kd7 32. Qg7+ Kc8 33. Qh8+
Kb7 34. d6+ Nc6 35. Qg7+ Ka6 36. Qf8 Kb6 37. h4 Rxf1+ 38. Qxf1 Qxd6 39. Qc4 Nd4
40. Kh2 Qe7 41. Qd5 Qf6 42. Qb7+ Ka5 43. a3 b3 44. Qb4+ Ka6 45. Qxa4+ Kb6 46.
Qb4+ Kc7 47. Qb7+ Kd8 48. Qd5+ Kc8 49. Qa8+ Kd7 50. Qd5+ Kc8 51. Qg8+ Kd7 52.
Qg4+ Kd6 53. h5 Ke7 54. Qh4 Qxh4+ 55. gxh4 Ne6 56. a4 1-0

[Event "BL 0910 Hamburger SK - Schachfr. Berlin"]
[Site "?"]
[Date "2009.10.17"]
[Round "1.7"]
[White "Thiede, Lars"]
[Black "Heinemann, Thies"]
[Result "1/2-1/2"]
[WhiteElo "2450"]
[BlackElo "2484"]
[PlyCount "85"]
[EventDate "2009.??.??"]

1. g3 d5 2. Bg2 e5 3. d3 c6 4. Nf3 Bd6 5. O-O Nf6 6. Nc3 O-O 7. e4 dxe4 8. dxe4
Bg4 9. h3 Bxf3 10. Qxf3 Nbd7 11. Rd1 Qc7 12. h4 Rfd8 13. Bh3 Be7 14. a4 Nc5 15.
Rxd8+ Rxd8 16. a5 b5 17. axb6 axb6 18. Qe2 b5 19. f3 Ncd7 20. Nd1 Bc5+ 21. Nf2
Nb6 22. Kg2 Ra8 23. Rxa8+ Nxa8 24. Nd3 Bd6 25. b3 Nb6 26. Bb2 Nfd7 27. Qd2 c5
28. Nf2 c4 29. Bc3 Nc5 30. Qd1 h5 31. Ba5 Nb7 32. Be1 Be7 33. Qa1 Nc5 34. b4
Nca4 35. c3 g6 36. Bd2 Qd6 37. Qc1 Bd8 38. Kh2 Kf8 39. f4 Bf6 40. f5 Ke8 41.
Be3 Bd8 42. Qc2 Nd7 43. fxg6 1/2-1/2

[Event "BL 0910 Hamburger SK - Schachfr. Berlin"]
[Site "?"]
[Date "2009.10.17"]
[Round "1.8"]
[White "Sebastian, Dirk"]
[Black "Abel, Dennes"]
[Result "1/2-1/2"]
[WhiteElo "2443"]
[BlackElo "2380"]
[PlyCount "113"]
[EventDate "2009.??.??"]

1. e4 c5 2. Nc3 Nc6 3. Nf3 Nf6 4. d4 cxd4 5. Nxd4 e5 6. Ndb5 d6 7. Nd5 Nxd5 8.
exd5 Nb8 9. a4 Be7 10. Be2 O-O 11. O-O Nd7 12. Kh1 f5 13. f4 a6 14. Na3 g5 15.
fxg5 Bxg5 16. Nc4 Bxc1 17. Qxc1 Nb6 18. Nxb6 Qxb6 19. Qg5+ Kh8 20. Bd3 Qc7 21.
Qh6 Qe7 22. Ra3 Bd7 23. a5 Rf6 24. Qh4 Qg7 25. Rc3 Rg8 26. Qf2 Bc8 27. Be2 f4
28. Bd3 Bf5 29. Bxf5 Rxf5 30. Qf3 Rg5 31. Rf2 Qh6 32. Re2 Rg3 33. Qf1 Rxc3 34.
bxc3 Qh5 35. c4 Rc8 36. Re4 Rc5 37. Qe1 Qf5 38. h3 Rc8 39. Qe2 Rg8 40. c5 Rg3
41. Qe1 Qg5 42. cxd6 f3 43. Rg4 Rxg4 44. hxg4 Qh6+ 45. Kg1 Qxd6 46. c4 fxg2 47.
Kxg2 Kg8 48. Qe4 Qc7 49. Kh3 Qe7 50. Qe3 Qd6 51. Qg5+ Kh8 52. Qf5 Qh6+ 53. Kg2
Qd2+ 54. Qf2 Qh6 55. Qf7 Qd2+ 56. Qf2 Qh6 57. Qf7 1/2-1/2

[Event "BL 0910 Werder Bremen - SK König Tegel"]
[Site "?"]
[Date "2009.10.17"]
[Round "1.2"]
[White "Efimenko, Zahar"]
[Black "Stern, Rene"]
[Result "1-0"]
[WhiteElo "2654"]
[BlackElo "2501"]
[PlyCount "111"]
[EventDate "2009.??.??"]

1. e4 e5 2. Nf3 Nc6 3. Bb5 a6 4. Ba4 Nf6 5. O-O Be7 6. d3 b5 7. Bb3 d6 8. a4 b4
9. Nbd2 Na5 10. Ba2 O-O 11. c3 c5 12. cxb4 cxb4 13. h3 Be6 14. Bxe6 fxe6 15.
Nb3 Nc6 16. Be3 Qd7 17. Rc1 Rfc8 18. Qd2 Bd8 19. Rc4 a5 20. Ra1 h6 21. Qe2 Ne7
22. d4 Rxc4 23. Qxc4 Nxe4 24. Qd3 Qb7 25. dxe5 d5 26. Nfd4 Ng6 27. Nxe6 Nxe5
28. Qb5 Qxb5 29. axb5 Nc4 30. Nxd8 Rxd8 31. Bd4 Rb8 32. b6 Nxb6 33. Rxa5 Nd6
34. g4 Nbc4 35. Rxd5 Nb5 36. Be5 Nxe5 37. Rxe5 Nd6 38. Nd2 Rc8 39. Rd5 Nc4 40.
Nxc4 Rxc4 41. Rb5 g5 42. Rb7 Rf4 43. Kg2 Rd4 44. b3 Kf8 45. f3 Rd2+ 46. Kg3 Rd4
47. Kf2 Rd2+ 48. Ke3 Rh2 49. Rxb4 Rxh3 50. Rb7 Ke8 51. Ke4 Kd8 52. b4 Kc8 53.
Rh7 Kb8 54. b5 Kc8 55. Rf7 h5 56. Rg7 1-0

[Event "BL 0910 Werder Bremen - SK König Tegel"]
[Site "?"]
[Date "2009.10.17"]
[Round "1.3"]
[White "Muse, Mladen"]
[Black "Fressinet, Laurent"]
[Result "0-1"]
[WhiteElo "2448"]
[BlackElo "2658"]
[PlyCount "73"]
[EventDate "2009.??.??"]

1. d4 d5 2. c4 e6 3. Nc3 c6 4. e3 Nf6 5. Qc2 Nbd7 6. Nf3 Bd6 7. Bd2 O-O 8. e4
Nxe4 9. Nxe4 dxe4 10. Qxe4 e5 11. O-O-O Nf6 12. Qc2 e4 13. Ng1 b5 14. h3 Be6
15. g4 bxc4 16. Bxc4 Bxc4 17. Qxc4 Rb8 18. Ne2 Qb6 19. b3 Nd5 20. Nc3 Qa5 21.
Kb1 Bb4 22. Rc1 Bxc3 23. Bxc3 Qd8 24. Bd2 Rc8 25. Rhe1 f5 26. gxf5 Qh4 27. Be3
Qxh3 28. Qa6 Qxf5 29. Rxc6 Rxc6 30. Qxc6 Rc8 31. Qb7 Rc7 32. Qa6 h6 33. Ka1 Rc2
34. Kb1 Rxf2 35. Bxf2 e3+ 36. Ka1 exf2 37. Rh1 0-1

[Event "BL 0910 Werder Bremen - SK König Tegel"]
[Site "?"]
[Date "2009.10.17"]
[Round "1.4"]
[White "Nyback, Tomi"]
[Black "Von Herman, Ulf"]
[Result "1-0"]
[WhiteElo "2615"]
[BlackElo "2424"]
[PlyCount "39"]
[EventDate "2009.??.??"]

1. d4 Nf6 2. c4 e6 3. Nf3 Bb4+ 4. Nbd2 d5 5. a3 Be7 6. e3 O-O 7. Bd3 c5 8. b3
cxd4 9. exd4 b6 10. O-O Bb7 11. Qe2 Nc6 12. Bb2 Re8 13. Rfe1 Bf8 14. Rac1 g6
15. c5 e5 16. dxe5 bxc5 17. Ng5 Nh5 18. Qg4 Bc8 19. e6 Rxe6 20. Qxh5 1-0

[Event "BL 0910 Werder Bremen - SK König Tegel"]
[Site "?"]
[Date "2009.10.17"]
[Round "1.5"]
[White "Muse, Drazen"]
[Black "Hracek, Zbynek"]
[Result "0-1"]
[WhiteElo "2367"]
[BlackElo "2606"]
[PlyCount "90"]
[EventDate "2009.??.??"]

1. d4 Nf6 2. Nf3 e6 3. Bf4 c5 4. c3 cxd4 5. cxd4 Qb6 6. Qb3 Qxb3 7. axb3 Nc6 8.
e3 b6 9. Nc3 Bb4 10. Nd2 Bb7 11. Bg5 Ke7 12. Ra4 Rhc8 13. Be2 a6 14. O-O b5 15.
Ra2 h6 16. Bh4 Nd8 17. Ndb1 g5 18. Bg3 Ne4 19. Rc1 f5 20. Ra1 Nf7 21. Na2 Rxc1+
22. Nxc1 Rc8 23. Nd3 Nxg3 24. hxg3 Bd6 25. Nc3 b4 26. Na4 Rc2 27. Bf3 Bxf3 28.
gxf3 a5 29. Rd1 Bc7 30. Kf1 d6 31. Ne1 Rc6 32. d5 exd5 33. Rxd5 Ke6 34. Rd2 Rc1
35. Ke2 h5 36. Rc2 Rxc2+ 37. Nxc2 f4 38. exf4 gxf4 39. gxf4 Bd8 40. Ne3 Nh6 41.
Kd3 h4 42. Ke4 d5+ 43. Nxd5 h3 44. f5+ Kf7 45. Ne3 h2 0-1

[Event "BL 0910 Werder Bremen - SK König Tegel"]
[Site "?"]
[Date "2009.10.17"]
[Round "1.6"]
[White "Babula, Vlastimil"]
[Black "Fruebing, Stefan"]
[Result "0-1"]
[WhiteElo "2569"]
[BlackElo "2337"]
[PlyCount "66"]
[EventDate "2009.??.??"]

1. d4 Nf6 2. c4 g6 3. Nc3 Bg7 4. e4 d6 5. f4 O-O 6. Nf3 c5 7. dxc5 Qa5 8. Bd3
Qxc5 9. Qe2 Nc6 10. Be3 Qa5 11. O-O Bg4 12. Qf2 Rac8 13. a3 Bxf3 14. gxf3 Qh5
15. Rac1 Nd7 16. Rfd1 Rfd8 17. Bf1 Bf6 18. b4 b6 19. Rd5 Qh4 20. Qd2 Nf8 21.
Nd1 e5 22. Nf2 Nd4 23. Bxd4 exd4 24. Ng4 Bg7 25. f5 Nd7 26. Qf4 Ne5 27. f6 Nxg4
28. fxg7 Qf2+ 29. Kh1 Ne3 30. Rxd4 Nxf1 31. Rd3 Qe2 32. Rdc3 Nd2 33. Kg1 Rxc4
0-1

[Event "BL 0910 Werder Bremen - SK König Tegel"]
[Site "?"]
[Date "2009.10.17"]
[Round "1.7"]
[White "Sarbok, Torsten"]
[Black "Llaneza Vega, Marcos"]
[Result "1-0"]
[WhiteElo "2319"]
[BlackElo "2504"]
[PlyCount "127"]
[EventDate "2009.??.??"]

1. e4 c5 2. Nf3 d6 3. Bb5+ Nd7 4. c3 Ngf6 5. Qe2 a6 6. Ba4 b5 7. Bc2 Bb7 8. O-O
Rc8 9. d4 Qc7 10. Bd3 e5 11. dxe5 dxe5 12. c4 b4 13. Re1 Be7 14. Nbd2 Nf8 15.
Bc2 Ne6 16. Ba4+ Kf8 17. Bc2 Nf4 18. Qf1 Rd8 19. g3 Ne6 20. Qe2 g5 21. Nb3 h6
22. a3 Nd7 23. Rd1 g4 24. Ne1 h5 25. Ng2 bxa3 26. Rxa3 Nd4 27. Nxd4 cxd4 28.
Ra1 Nc5 29. f3 gxf3 30. Qxf3 Rd6 31. b4 Rf6 32. Qe2 Ne6 33. c5 Rg6 34. Rf1 h4
35. Ra3 d3 36. Rxd3 Nd4 37. Rxd4 exd4 38. Qc4 Rf6 39. Bf4 Qd7 40. Nxh4 Qg4 41.
Nf5 Rg8 42. b5 d3 43. c6 Bc8 44. Bxd3 axb5 45. Qxb5 Bxf5 46. exf5 Kg7 47. c7
Bd6 48. Be2 Qh3 49. Bxd6 Rxd6 50. Qe5+ Rf6 51. Ba6 Rh8 52. Rf2 Qh6 53. Qc3 Kh7
54. c8=Q Rxc8 55. Bxc8 Rc6 56. Qb3 Rc1+ 57. Rf1 Rxc8 58. Qxf7+ Kh8 59. Qe6 Qf8
60. Rf4 Rc1+ 61. Kg2 Rc2+ 62. Kh3 Rc7 63. Qe5+ Rg7 64. Rg4 1-0

[Event "BL 0910 SC Eppingen - SV Mülheim Nord"]
[Site "?"]
[Date "2009.10.17"]
[Round "1.2"]
[White "Balogh, Csaba"]
[Black "Tregubov, Pavel V"]
[Result "1-0"]
[WhiteElo "2620"]
[BlackElo "2649"]
[PlyCount "81"]
[EventDate "2009.??.??"]

1. e4 c5 2. Nf3 Nc6 3. d4 cxd4 4. Nxd4 Nf6 5. Nc3 e5 6. Ndb5 d6 7. Bg5 a6 8.
Na3 b5 9. Nd5 Be7 10. Bxf6 Bxf6 11. c4 b4 12. Nc2 O-O 13. Be2 Bg5 14. O-O a5
15. Qd3 Be6 16. Rfd1 g6 17. b3 Rb8 18. h3 Rb7 19. Bf3 Qb8 20. Nde3 Bxe3 21.
Qxe3 a4 22. Rd2 Ra7 23. Rad1 Rd8 24. Bg4 axb3 25. axb3 Ra2 26. Qg5 Re8 27. Bxe6
Rxe6 28. c5 h6 29. Qe3 dxc5 30. Qxc5 Qf8 31. Qxf8+ Kxf8 32. Nd4 exd4 33. Rxa2
Rxe4 34. Ra6 Re6 35. Rc1 d3 36. Rd1 Rd6 37. f4 g5 38. g3 gxf4 39. gxf4 Kg7 40.
Kf2 Kg6 41. Rc1 1-0

[Event "BL 0910 SC Eppingen - SV Mülheim Nord"]
[Site "?"]
[Date "2009.10.17"]
[Round "1.3"]
[White "Landa, Konstantin"]
[Black "Gyimesi, Zoltan"]
[Result "1/2-1/2"]
[WhiteElo "2655"]
[BlackElo "2594"]
[PlyCount "48"]
[EventDate "2009.??.??"]

1. Nf3 d5 2. d4 Nf6 3. c4 e6 4. g3 dxc4 5. Bg2 Bb4+ 6. Bd2 c5 7. a3 Bxd2+ 8.
Nbxd2 cxd4 9. Nxc4 Nc6 10. O-O O-O 11. Rc1 a5 12. Nce5 Nxe5 13. Nxe5 Qd6 14. f4
Qb6 15. Qd3 Qxb2 16. Rfd1 h6 17. Nc4 Qb5 18. Qxd4 Bd7 19. Rb1 Qh5 20. Bxb7 Rad8
21. Bf3 Ng4 22. h4 Bc6 23. Qb6 Bxf3 24. exf3 Nf6 1/2-1/2

[Event "BL 0910 SC Eppingen - SV Mülheim Nord"]
[Site "?"]
[Date "2009.10.17"]
[Round "1.4"]
[White "Ruck, Robert"]
[Black "Fridman, Daniel"]
[Result "1/2-1/2"]
[WhiteElo "2548"]
[BlackElo "2661"]
[PlyCount "93"]
[EventDate "2009.??.??"]

1. Nf3 d5 2. d4 Nf6 3. c4 c6 4. Nc3 e6 5. Bg5 h6 6. Bxf6 Qxf6 7. g3 Nd7 8. Bg2
dxc4 9. O-O Be7 10. a4 O-O 11. a5 Bb4 12. Qa4 Qe7 13. Na2 Bd6 14. Qxc4 e5 15.
a6 bxa6 16. Nc3 Rb8 17. Ne4 Bb4 18. Rfc1 Rb6 19. e3 a5 20. Nh4 Re8 21. Nf5 Qf8
22. Nh4 exd4 23. exd4 Kh8 24. Qc2 Ba6 25. Nf5 Bb5 26. b3 Rbb8 27. Ne3 Rbc8 28.
Nc4 Nb6 29. Nxa5 f5 30. Nc3 Nd5 31. Nxb5 cxb5 32. Qd3 Nc3 33. Kf1 Qd6 34. Nb7
Qe6 35. Nc5 Qe2+ 36. Qxe2 Nxe2 37. Rd1 Nxd4 38. Nd3 Bc3 39. Rxa7 Nxb3 40. Nf4
Nd2+ 41. Kg1 b4 42. Bd5 b3 43. Be6 Rc5 44. Re7 Rxe7 45. Ng6+ Kh7 46. Nf8+ Kh8
47. Ng6+ 1/2-1/2

[Event "BL 0910 SC Eppingen - SV Mülheim Nord"]
[Site "?"]
[Date "2009.10.17"]
[Round "1.5"]
[White "Potkin, Vladimir"]
[Black "Bindrich, Falko"]
[Result "1-0"]
[WhiteElo "2606"]
[BlackElo "2516"]
[PlyCount "161"]
[EventDate "2009.??.??"]

1. d4 d5 2. c4 c6 3. Nf3 Nf6 4. Nc3 dxc4 5. a4 e6 6. e3 c5 7. Bxc4 cxd4 8. exd4
Nc6 9. O-O Be7 10. Bf4 O-O 11. Rc1 Nd5 12. Bxd5 exd5 13. Qb3 Nb4 14. Nb5 a6 15.
Nc7 Ra7 16. Bd2 b6 17. Bxb4 Bxb4 18. Nxd5 Be6 19. Qxb4 Bxd5 20. Ne5 Rc7 21. Rc3
Qg5 22. Rg3 Qf6 23. Ng4 Qc6 24. Ne3 Be4 25. Qd2 a5 26. d5 Qd6 27. Rxg7+ Kxg7
28. Qd4+ Kg8 29. Qxe4 Re7 30. Qd3 Qg6 31. Qd2 Qe4 32. Rc1 Rd8 33. g3 Re5 34. d6
Qxa4 35. Rc4 Qb5 36. Rg4+ Rg5 37. Rd4 Rg6 38. d7 Qe5 39. Rd5 Qe4 40. Qc3 Qe7
41. Nf5 Qf8 42. h4 h6 43. Qc7 Re6 44. Kg2 Rf6 45. h5 Kh7 46. Qc2 Kg8 47. Qc7
Kh7 48. Qe5 Re6 49. Qd4 Kg8 50. Qc3 Kh7 51. Qc2 Kg8 52. Qc7 Rf6 53. Re5 Rxf5
54. Rxf5 Qe7 55. Qxb6 Qe4+ 56. Rf3 Rxd7 57. Qxh6 Qd5 58. Qe3 Rd6 59. Qb3 a4 60.
Qxd5 Rxd5 61. g4 Rb5 62. Rf4 Rxb2 63. Rxa4 Kg7 64. Kg3 Rb1 65. f3 Rg1+ 66. Kf4
Rf1 67. Ra6 Rb1 68. Ra5 Rb3 69. Rg5+ Kh7 70. Rf5 Kg7 71. Kg3 Rb1 72. Rd5 Ra1
73. Rd6 Rb1 74. g5 Ra1 75. h6+ Kh7 76. Kg4 Ra3 77. f4 Ra1 78. Rd8 Ra7 79. Rf8
Rb7 80. Kh5 Ra7 81. Rxf7+ 1-0

[Event "BL 0910 SC Eppingen - SV Mülheim Nord"]
[Site "?"]
[Date "2009.10.17"]
[Round "1.6"]
[White "Medvegy, Zoltan"]
[Black "Berelovich, Alexander"]
[Result "1/2-1/2"]
[WhiteElo "2556"]
[BlackElo "2551"]
[PlyCount "90"]
[EventDate "2009.??.??"]

1. d4 f5 2. g3 Nf6 3. Bg2 g6 4. Nf3 Bg7 5. O-O O-O 6. b4 c6 7. a4 d5 8. Na3 Ne4
9. c4 Be6 10. Qc2 Nd7 11. Rb1 a6 12. Bb2 f4 13. Nd2 Nxd2 14. Qxd2 fxg3 15. hxg3
Nf6 16. cxd5 cxd5 17. Rbc1 Qd7 18. a5 Bh3 19. f3 Nh5 20. Kh2 Qd6 21. f4 Bxg2
22. Kxg2 Nf6 23. Nc2 Ne4 24. Qd3 Rac8 25. Ne3 Rxc1 26. Bxc1 Rc8 27. Bd2 e6 28.
Rb1 h5 29. b5 h4 30. bxa6 Qxa6 31. Be1 hxg3 32. Rb6 Qxd3 33. exd3 Bxd4 34. dxe4
Bxb6 35. axb6 dxe4 36. Nf1 e3 37. Nxe3 Rc6 38. Ba5 Rc5 39. Bd2 Rb5 40. Nc4 Rb3
41. Ba5 Rb5 42. Be1 Rb1 43. Bd2 Rb3 44. Ba5 Rd3 45. Ne5 Rb3 1/2-1/2

[Event "BL 0910 SC Eppingen - SV Mülheim Nord"]
[Site "?"]
[Date "2009.10.17"]
[Round "1.7"]
[White "Hausrath, Daniel"]
[Black "Guliyev, Namig"]
[Result "1/2-1/2"]
[WhiteElo "2528"]
[BlackElo "2525"]
[PlyCount "30"]
[EventDate "2009.??.??"]

1. Nf3 Nf6 2. g3 d5 3. Bg2 c6 4. c4 Bf5 5. O-O Nbd7 6. cxd5 cxd5 7. Nc3 e6 8.
Qb3 Nc5 9. Qb5+ Nfd7 10. d4 a6 11. Qb4 Nd3 12. Qxb7 Rb8 13. Qa7 Ra8 14. Qb7 Rb8
15. Qa7 Ra8 1/2-1/2

[Event "BL 0910 SC Eppingen - SV Mülheim Nord"]
[Site "?"]
[Date "2009.10.17"]
[Round "1.8"]
[White "Paehtz, Elisabeth"]
[Black "Saltaev, Mihail"]
[Result "1/2-1/2"]
[WhiteElo "2482"]
[BlackElo "2492"]
[PlyCount "172"]
[EventDate "2009.??.??"]

1. e4 c6 2. d4 d5 3. e5 Bf5 4. Nd2 e6 5. Nb3 Nd7 6. Nf3 Ne7 7. Be2 Qc7 8. O-O
f6 9. exf6 gxf6 10. Nh4 O-O-O 11. Nxf5 Nxf5 12. Bg4 h5 13. Bxf5 exf5 14. Qf3
Bd6 15. h3 f4 16. Bd2 Nf8 17. Qd3 Qh7 18. Nc1 Ne6 19. Qxh7 Rxh7 20. c3 Rg7 21.
f3 Rdg8 22. Rf2 c5 23. Ne2 Kd7 24. Kf1 b5 25. Rd1 a5 26. Bc1 c4 27. Bd2 b4 28.
Re1 Rb8 29. Rc1 b3 30. a4 Rbg8 31. Re1 Re7 32. Ng1 Ke8 33. Rfe2 Kf7 34. Kf2
Rge8 35. Kf1 Kg6 36. Ra1 Kf5 37. Rae1 Nf8 38. Rxe7 Rxe7 39. Ne2 Ng6 40. Kf2 Rg7
41. Bc1 Rg8 42. Bd2 Nf8 43. Kf1 Ne6 44. Bc1 Bf8 45. Bd2 Bh6 46. Kf2 Bg5 47. Kf1
Bh4 48. Rd1 Bg3 49. Rc1 Rg7 50. Rd1 Re7 51. Rc1 Nf8 52. Rd1 Ng6 53. Be1 Bxe1
54. Rxe1 h4 55. Rb1 Re3 56. Nc1 Kg5 57. Kf2 Ne7 58. Ra1 Nf5 59. Rb1 Re7 60. Ne2
Ne3 61. Rg1 Nc2 62. Rd1 Ne3 63. Rg1 Nf5 64. Rb1 Re3 65. Nc1 Ng3 66. Ra1 Nh1+
67. Kf1 Kf5 68. Rb1 Ng3+ 69. Kf2 Ke6 70. Ra1 Kf7 71. Rb1 Re8 72. Ra1 Kg6 73.
Rb1 Nf5 74. Ne2 Kg5 75. Ra1 Ne3 76. Rg1 Re7 77. Re1 Nc2 78. Rd1 Re3 79. Nc1 Kf5
80. Rg1 Kg5 81. Rd1 Na3 82. Rg1 Nb1 83. Ne2 Nd2 84. Nc1 Nb1 85. Ne2 Nd2 86. Nc1
Nb1 1/2-1/2

[Event "BL 0910 SG Turm Trier - SF Katernberg"]
[Site "?"]
[Date "2009.10.17"]
[Round "1.1"]
[White "Volokitin, Andrei"]
[Black "Lupulescu, Constantin"]
[Result "1-0"]
[WhiteElo "2681"]
[BlackElo "2599"]
[PlyCount "97"]
[EventDate "2009.??.??"]

1. e4 c5 2. Nf3 d6 3. d4 cxd4 4. Nxd4 Nf6 5. Nc3 Nc6 6. Bg5 e6 7. Qd2 a6 8.
O-O-O Bd7 9. f4 b5 10. Bxf6 gxf6 11. Kb1 Qb6 12. Nxc6 Bxc6 13. Qe1 Be7 14. Bd3
h5 15. f5 b4 16. Ne2 e5 17. Ng3 h4 18. Nf1 Bf8 19. Bc4 Ke7 20. Ne3 Bh6 21. Nd5+
Bxd5 22. Bxd5 Rag8 23. g3 Be3 24. gxh4 Rxh4 25. Rd3 Bf2 26. Qe2 Rgg4 27. a3 a5
28. Rb3 Bc5 29. axb4 axb4 30. c3 Rg7 31. cxb4 Bd4 32. Rc1 Rgh7 33. Rc2 Rxh2 34.
Qxh2 Rxh2 35. Rxh2 Qb5 36. Rh7 Qf1+ 37. Ka2 Bxb2 38. Rxf7+ Ke8 39. Kxb2 Qe2+
40. Kc3 Qe3+ 41. Kc4 Qe2+ 42. Rd3 Qc2+ 43. Rc3 Qe2+ 44. Kb3 Qd1+ 45. Kb2 Qd2+
46. Rc2 Qxb4+ 47. Bb3 d5 48. Rh7 Kd8 49. Rg2 1-0

[Event "BL 0910 SG Turm Trier - SF Katernberg"]
[Site "?"]
[Date "2009.10.17"]
[Round "1.2"]
[White "Bobras, Piotr"]
[Black "Seel, Christian"]
[Result "1/2-1/2"]
[WhiteElo "2537"]
[BlackElo "2493"]
[PlyCount "49"]
[EventDate "2009.??.??"]

1. e4 e5 2. Nf3 d6 3. d4 exd4 4. Nxd4 Nf6 5. Nc3 Be7 6. g3 Nc6 7. Nde2 Rb8 8.
Bg2 b5 9. a3 O-O 10. O-O Re8 11. h3 Bf8 12. g4 a5 13. Ng3 Ba6 14. g5 Nd7 15.
Nd5 Ne7 16. Nxe7+ Bxe7 17. f4 Nc5 18. b3 Bf8 19. Bb2 Bb7 20. Qd4 Ne6 21. Qd2 c5
22. Nf5 Qc7 23. Rae1 Rbd8 24. Kh1 Bc6 25. Ne3 1/2-1/2

[Event "BL 0910 SG Turm Trier - SF Katernberg"]
[Site "?"]
[Date "2009.10.17"]
[Round "1.3"]
[White "Bischoff, Klaus"]
[Black "Cyborowski, Lukasz"]
[Result "1/2-1/2"]
[WhiteElo "2561"]
[BlackElo "2503"]
[PlyCount "75"]
[EventDate "2009.??.??"]

1. Nf3 c5 2. c4 Nc6 3. b3 Nf6 4. Bb2 e6 5. g3 b6 6. Bg2 Bb7 7. O-O Be7 8. Nc3
O-O 9. e3 Rc8 10. Rc1 d6 11. d4 cxd4 12. exd4 d5 13. cxd5 Nxd5 14. Nxd5 exd5
15. Re1 Bb4 16. Re3 Ne7 17. Rxc8 Qxc8 18. Ne5 Qc7 19. a3 Bd6 20. Rc3 Qd8 21.
Rc1 Bc8 22. b4 Be6 23. b5 Bxe5 24. dxe5 Qd7 25. a4 Rd8 26. Ba3 Rc8 27. Rxc8+
Nxc8 28. h4 h6 29. Bf3 Qc7 30. Bxd5 Qxe5 31. Bxe6 Qxe6 32. Qd4 h5 33. Qd8+ Kh7
34. Qg5 Qe1+ 35. Kg2 Qe4+ 36. Kg1 Qe1+ 37. Kg2 Qe4+ 38. Kg1 1/2-1/2

[Event "BL 0910 SG Turm Trier - SF Katernberg"]
[Site "?"]
[Date "2009.10.17"]
[Round "1.4"]
[White "Gordon, Stephen"]
[Black "Zaragatski, Ilja"]
[Result "1/2-1/2"]
[WhiteElo "2535"]
[BlackElo "2475"]
[PlyCount "54"]
[EventDate "2009.??.??"]

1. d4 Nf6 2. c4 c5 3. d5 b5 4. cxb5 a6 5. bxa6 g6 6. Nc3 Bxa6 7. g3 d6 8. Bg2
Bg7 9. Nf3 Nbd7 10. Rb1 O-O 11. O-O Ne8 12. Bd2 Nc7 13. b3 Bb7 14. e4 Bxc3 15.
Bxc3 Rxa2 16. b4 Ba6 17. Re1 Nb5 18. Ba1 cxb4 19. Nd4 Nxd4 20. Qxd4 f6 21. Qxb4
Nc5 22. Bd4 Nd3 23. Qb3 Qa5 24. Red1 Ne5 25. Ra1 Bc4 26. Qc3 Qxc3 27. Bxc3 Rfa8
1/2-1/2

[Event "BL 0910 SG Turm Trier - SF Katernberg"]
[Site "?"]
[Date "2009.10.17"]
[Round "1.5"]
[White "Thesing, Matthias"]
[Black "Jaracz, Pawel"]
[Result "1/2-1/2"]
[WhiteElo "2419"]
[BlackElo "2547"]
[PlyCount "54"]
[EventDate "2009.??.??"]

1. e4 c6 2. c4 d5 3. exd5 cxd5 4. cxd5 Nf6 5. Nc3 Nxd5 6. Nf3 e6 7. Bc4 Nxc3 8.
bxc3 Qc7 9. Qe2 Nd7 10. O-O Bd6 11. d4 O-O 12. Bg5 b6 13. Bd3 Bb7 14. Rac1 Rfe8
15. Be4 e5 16. Bxb7 Qxb7 17. Rfe1 Re6 18. Qb5 a6 19. Qb1 Rae8 20. c4 exd4 21.
Nxd4 Rxe1+ 22. Rxe1 Qc8 23. Nf5 Bc5 24. Be7 Nf8 25. Bxc5 Rxe1+ 26. Qxe1 Qxc5
27. Qe4 b5 1/2-1/2

[Event "BL 0910 SG Turm Trier - SF Katernberg"]
[Site "?"]
[Date "2009.10.17"]
[Round "1.6"]
[White "Erdoes, Viktor"]
[Black "Siebrecht, Sebastian"]
[Result "1/2-1/2"]
[WhiteElo "2591"]
[BlackElo "2456"]
[PlyCount "77"]
[EventDate "2009.??.??"]

1. d4 Nf6 2. c4 c5 3. d5 e6 4. Nc3 exd5 5. cxd5 d6 6. e4 g6 7. Bd3 Bg7 8. h3
O-O 9. Nf3 b5 10. Nxb5 Nxe4 11. O-O a6 12. Na3 Nf6 13. Nc4 Bb7 14. Bf4 Nbd7 15.
Bxd6 Re8 16. Bh2 Bxd5 17. Rc1 Nb6 18. b3 Nxc4 19. Bxc4 Bxc4 20. Rxc4 Qxd1 21.
Rxd1 Re2 22. Rd2 Rxd2 23. Nxd2 Rd8 24. Nf1 Rd1 25. Rxc5 h5 26. Rc8+ Kh7 27. Bf4
Ne4 28. g3 Bd4 29. Kg2 Nxf2 30. Rd8 Bc5 31. Rxd1 Nxd1 32. Be5 Nf2 33. Nd2 Nd3
34. Bc3 Be7 35. Kf3 f5 36. a4 g5 37. Ke2 Nc5 38. a5 g4 39. hxg4 1/2-1/2

[Event "BL 0910 SG Turm Trier - SF Katernberg"]
[Site "?"]
[Date "2009.10.17"]
[Round "1.7"]
[White "Hoolt, Sarah"]
[Black "Galyas, Miklos"]
[Result "1/2-1/2"]
[WhiteElo "2225"]
[BlackElo "2464"]
[PlyCount "60"]
[EventDate "2009.??.??"]

1. e4 e6 2. d4 d5 3. Nc3 Bb4 4. e5 c5 5. a3 Bxc3+ 6. bxc3 Qa5 7. Bd2 Qa4 8. Qg4
Kf8 9. Ra2 Ne7 10. Nf3 h6 11. h4 b6 12. h5 Nbc6 13. Qf4 Ba6 14. Bxa6 Qxa6 15.
g4 Ke8 16. Qe3 Qb5 17. Bc1 Na5 18. Nd2 Rc8 19. a4 Qa6 20. Rh3 Nec6 21. dxc5 Nc4
22. Nxc4 Qxc4 23. Ra1 Qxg4 24. cxb6 axb6 25. Rg3 Qxh5 26. Qxb6 Qxe5+ 27. Kf1
Qc7 28. Qxc7 Rxc7 29. Rxg7 Ne7 30. Rb1 Nf5 1/2-1/2